| 000 | 00578nam a22001937a 4500 | ||
|---|---|---|---|
| 999 |
_c14718 _d14718 |
||
| 003 | MIRAKIL | ||
| 005 | 20211223110904.0 | ||
| 008 | 211223b tu ||||| |||| 00| 0 tur d | ||
| 040 |
_aTR-AnCHP _cTR-AnCHP |
||
| 041 | _atur | ||
| 082 |
_a320.9561 _bİ63b 1982 |
||
| 100 | _aİpekçi, Abdi | ||
| 245 | 1 | 0 |
_abarış, demokrasi, özgürlük / _cAbdi İpekçi |
| 260 |
_a[İstanbul] : _bAdam Yayınları, _c1982. |
||
| 300 |
_a641 s.: _c19 sm. |
||
| 600 | 0 |
_95818 _aİpekçi, Abdi _cGazeteci _d1929-1979 _xMakaleler |
|
| 650 | 0 |
_99 _aSiyaset ve yönetim _xTürkiye |
|
| 942 |
_2ddc _cBKS |
||